000 00891nam a22002657a 4500
003 DO-SdBNP
005 20240719100850.0
008 151117b1987 sp |||| 00| 0 spa d
020 _a8420725943
040 _aBPMSU
_bspa
_cBPMSU
082 4 _a863.3
_bA323c 1987
_222
100 1 _aAlas, Leopoldo,
_d1852-1901.
245 1 0 _aCuentos /
_c Leopoldo Alas Clarín; edición, introducción, notas, comentarios y apéndice Antonio Ferraz Martínez
260 _aMadrid :
_bAnaya,
_c1987.
300 _a151 p. :
_bil., retrs. ;
_c19 cm.
490 0 _aBiblioteca didáctica Anaya
500 _aBibliografía : p. 149-151
500 _aIncluye datos biográficos del autor.
590 _aInventariado, 2024/VM
650 4 _aCuentos españoles
650 4 _aLiteratura española
700 1 _aMartínez, Antonio Ferraz .
910 _aVMateo V. Control de calidad. BPMSU
942 _2ddc
_cBK
999 _c8743
_d8743